Serious reservations on Scottish policy proposals (Record no. 72932)
[ view plain ]
| 000 -LEADER | |
|---|---|
| fixed length control field | 01565cam a2200253 4500 |
| 001 - CONTROL NUMBER | |
| control field | ABS66822 |
| 008 - FIXED-LENGTH DATA ELEMENTS--GENERAL INFORMATION | |
| fixed length control field | 111219s2003 000 0 eng u |
| 035 ## - SYSTEM CONTROL NUMBER | |
| System control number | (Sirsi) u122754 |
| 245 ## - TITLE STATEMENT | |
| Title | Serious reservations on Scottish policy proposals |
| 260 ## - PUBLICATION, DISTRIBUTION, ETC. | |
| Date of publication, distribution, etc. | 2003 |
| 490 ## - SERIES STATEMENT | |
| Series statement | Residential Renting |
| Volume/sequential designation | (22) May 2003, 24-25(2) |
| 520 ## - SUMMARY, ETC. | |
| Summary, etc. | Reports critically on the private rented sector repairing proposals contained in the Scottish Housing Improvement Task Force's (HITF) final report on "Stewardship and responsibility" which seeks ways to improve the quality and condition of private sector housing in Scotland. HITF believes that the incidence of disrepair is a market failure caused by insufficient incentives to carry out repairs and improvements on properties in the worst condition. Discusses the proposed highly penal framework through which landlords' failure to carry out necessary repairs will be decided by a new private rented housing tribunal based on the current rent assessment committee system. Lists the key elements of the proposed modernising statutory repairing standard obligation of private landlords. |
| 590 ## - LOCAL NOTE (RLIN) | |
| Local note | ABS |
| 650 ## - SUBJECT ADDED ENTRY--TOPICAL TERM | |
| Topical term or geographic name entry element | PRIVATE SECTOR HOUSING |
| 650 ## - SUBJECT ADDED ENTRY--TOPICAL TERM | |
| Topical term or geographic name entry element | REPAIRS |
| 650 ## - SUBJECT ADDED ENTRY--TOPICAL TERM | |
| Topical term or geographic name entry element | FITNESS FOR OCCUPATION |
| 650 ## - SUBJECT ADDED ENTRY--TOPICAL TERM | |
| Topical term or geographic name entry element | REPAIRING OBLIGATIONS |
| 650 ## - SUBJECT ADDED ENTRY--TOPICAL TERM | |
| Topical term or geographic name entry element | RENT ASSESSMENT COMMITTEE |
| 650 ## - SUBJECT ADDED ENTRY--TOPICAL TERM | |
| Topical term or geographic name entry element | DISREPAIR |
| 650 ## - SUBJECT ADDED ENTRY--TOPICAL TERM | |
| Topical term or geographic name entry element | SCOTLAND |
| 690 ## - LOCAL SUBJECT ADDED ENTRY--TOPICAL TERM (OCLC, RLIN) | |
| Topical term or geographic name as entry element | HOUSING-PRIVATE RENTED SECTOR |
| 856 ## - ELECTRONIC LOCATION AND ACCESS | |
| Uniform Resource Identifier | <a href="https://www.scotland.gov.uk/Resource/Doc/47034/0028741.pdf">https://www.scotland.gov.uk/Resource/Doc/47034/0028741.pdf</a> |
| Public note | View the final report free of charge at www.scotland.gov.uk |
| 942 ## - ADDED ENTRY ELEMENTS (KOHA) | |
| Suppress in OPAC | 0 |
| Withdrawn status | Lost status | Source of classification or shelving scheme | Damaged status | Not for loan | Home library | Current library | Shelving location | Date acquired | Total Checkouts | Full call number | Barcode | Date last seen | Copy number | Price effective from | Koha item type |
|---|---|---|---|---|---|---|---|---|---|---|---|---|---|---|---|
| Dewey Decimal Classification | London | London | Journal article | 25/06/2003 | ABS66822 | 122754-1001 | 06/08/2019 | 1 | 06/08/2019 | Journal article |